000 00894nam a2200277 i 4500
003 DO-SdBNP
005 20230817110304.0
007 ta
008 2020b 2020 dr a|| 00| 0 spspa d
020 _a9789945095470
040 _aDO-SdBNP
_bspa
_cBPMSU
_erda
082 4 _aV863.5
_bM188a 2019
_222
100 1 _aMagallanes, Aída,
_eautora
245 1 3 _aEl árbol más grande del mundo /
_cAìda Magallanes ; Ilustraciones, Omar Aranda
264 1 _aSanto Domingo :
_bBúho,
_c2020.
300 _a30 páginas :
_bilustraciones ;
_c24 cm
336 _2rdacontent
_atexto
_btxt
337 _2rdamedia
_asin mediación
_bn
338 _2rdacarrier
_avolumen
_bnc
590 _aInventariado, 2023/BT
650 4 _aCuentos infantiles venezolanos
650 4 _aLiteratura infantil venezolana
700 1 _aAranda, Omar,
_eIlustrador
910 _aVMateo V. Control de calidad. BPMSU
942 _2ddc
_cBK
999 _c14462
_d14462